| 000 | 00793cam a22002653a 4500 | ||
|---|---|---|---|
| 001 | 15557 | ||
| 003 | PGUSA | ||
| 005 | 20140828083331.0 | ||
| 008 | 050405s2005||||xxu|||||s|||||000 1 eng d | ||
| 040 |
_aPGUSA _beng |
||
| 042 | _adc | ||
| 050 | 4 | _aPG | |
| 100 | 1 |
_aDostoyevsky, Fyodor, _d1821-1881 |
|
| 245 | 1 | 0 |
_aCarnet d'un inconnu : _b(Stépantchikovo) _h[electronic resource] / _cFyodor Dostoyevsky |
| 260 |
_bProject Gutenberg, _c2005 |
||
| 506 | _aPublic domain in the USA. | ||
| 516 | _aElectronic text | ||
| 653 | _aImpostors and imposture -- Fiction | ||
| 653 | _aFamilies -- Russia -- Fiction | ||
| 700 | 1 |
_aBinshtok, V. L., _d1868-1933 |
|
| 700 | 1 | _aTorquet, Charles | |
| 830 | 0 |
_aProject Gutenberg _v15557 |
|
| 856 | 4 | 0 | _uhttp://www.gutenberg.org/ebooks/15557 |
| 942 | _cEB | ||
| 999 |
_c244812 _d244812 |
||